Central Library OPAC University of Rajshahi

নাটোর অঞ্চলে আরবী ও ইসলামী শিক্ষা সম্প্রসারণে আলিমদের অবদান (১৯৪৭ - ২০০০) / (Record no. 77954)

MARC details
000 -LEADER
fixed length control field 02241nam a2200301 a 4500
001 - CONTROL NUMBER
control field 77954
003 - CONTROL NUMBER IDENTIFIER
rucl marc code BD-RjUL
005 - DATE AND TIME OF LATEST TRANSACTION
control field 20211209083054.0
008 - FIXED-LENGTH DATA ELEMENTS--GENERAL INFORMATION
fixed length control field 210222s 2008bg a|||| m||| 00| 0 ben d
035 ## - SYSTEM CONTROL NUMBER
System control number (BD-RjUL)78180
040 ## - CATALOGING SOURCE
Original cataloging agency BD-RjUL
Language of cataloging ben / eng
Transcribing agency BD-RjUL
Modifying agency BD-RjUL
041 ## - LANGUAGE CODE
Language code of text/sound track or separate title ben
082 ## - DEWEY DECIMAL CLASSIFICATION NUMBER
Classification number 297.77095492
Author mark and year ALN 2008
Edition number 23
100 ## - MAIN ENTRY--PERSONAL NAME
Personal name আলী, মোহাম্মাদ
9 (RLIN) 245048
245 10 - TITLE STATEMENT
Title নাটোর অঞ্চলে আরবী ও ইসলামী শিক্ষা সম্প্রসারণে আলিমদের অবদান (১৯৪৭ - ২০০০) /
Statement of responsibility, etc. মোহাম্মাদ আলী ;
Linkage তত্ত্বাবধায়ক : মুহাম্মদ. আব্দুল আজীজ খান
260 ## - PUBLICATION, DISTRIBUTION, ETC. (IMPRINT)
Place of publication, distribution, etc. রাজশাহী :
Name of publisher, distributor, etc. আরবী বিভাগ, রাজশাহী বিশ্ববিদ্যালয়,
Date of publication, distribution, etc. ২০০৮
300 ## - PHYSICAL DESCRIPTION
Pagination v, ৩৪৯ পাতা :
Illustrations চিএ ;
Size ২৯ সেমি.
502 ## - DISSERTATION NOTE
Dissertation note থিসিস (পিএইচ. ডি.) -- আরবী বিভাগ, রাজশাহী বিশ্ববিদ্যালয়, ২০০৮
504 ## - BIBLIOGRAPHY, ETC. NOTE
Bibliography, etc গ্রন্থপঞ্জি : পাতা [৩৪০]- ৩৪৯
650 ## - SUBJECT ADDED ENTRY--TOPICAL TERM
Topical term or geographic name as entry element ইসলামী ধর্মীয় শিক্ষা
Geographic subdivision বাংলাদেশ
-- নাটোর অঞ্চল
Chronological subdivision ১৯৪৭ - ২০০০ খ্রিষ্টাব্দ
9 (RLIN) 245091
Topical term or geographic name as entry element Islamic religious education
Geographic subdivision Bangladesh
-- Natore Area
Chronological subdivision 1947-2000 A. D.
9 (RLIN) 245092
Topical term or geographic name as entry element শিক্ষা এবং রাষ্ট্র
Geographic subdivision বাংলাদেশ
-- নাটোর অঞ্চল
Chronological subdivision ১৯৪৭ - ২০০০ খ্রিষ্টাব্দ
9 (RLIN) 245093
Topical term or geographic name as entry element Education and state
Geographic subdivision Bangladesh
-- Natore Area
Chronological subdivision 1947-2000 A. D.
9 (RLIN) 245094
Topical term or geographic name as entry element মাদ্রাসা
Geographic subdivision বাংলাদেশ
-- নাটোর অঞ্চল
Chronological subdivision ১৯৪৭ - ২০০০ খ্রিষ্টাব্দ
9 (RLIN) 244449
Topical term or geographic name as entry element Madrasahs
Geographic subdivision Bangladesh
-- Natore Area
Chronological subdivision 1947-2000 A. D.
9 (RLIN) 119588
700 ## - ADDED ENTRY--PERSONAL NAME
Personal name খান, মুহাম্মদ আব্দুল আজীজ, তত্ত্বাবধায়ক
942 ## - ADDED ENTRY ELEMENTS (KOHA)
Source of classification or shelving scheme Dewey Decimal Classification
Koha item type Theses
Holdings
Lost status Source of classification or shelving scheme Damaged status Not for loan Collection code Permanent Location Current Location Shelving location Date acquired Source of acquisition Total Checkouts Full call number Date last seen Copy number Koha item type
  Dewey Decimal Classification   Not For Loan Theses Central Library, University of Rajshahi Central Library, University of Rajshahi Documentation Section 16/07/2009 Controller of Exam. , R. U.   BTHE 297.77095492 ALN 2008 22/02/2021 C-1 Theses